书目信息 |
| 题名: |
Sun Solaris 9系统及网络管理员认证指南
|
|
| 作者: | 沃特斯, , 沃特斯著 著 ;金甄平 , 王存新 , 聂耿青 译 | |
| 分册: | ||
| 出版信息: | 北京 电子工业出版社 2004.03 |
|
| 页数: | 575页 | |
| 开本: | 26cm | |
| 丛书名: | 专业认证考试丛书 | |
| 单 册: | ||
| 中图分类: | TP316.81 | |
| 科图分类: | ||
| 主题词: | 操作系统--工程技术人员--资格考核--自学参考资料 | |
| 电子资源: | ||
| ISBN: | 7-5053-9686-2 | |
| 000 | 01583nam 2200337 450 | |
| 001 | 0140719170 | |
| 005 | 20051114151622.50 | |
| 010 | @a7-5053-9686-2@dCNY59.00 (含光盘) | |
| 100 | @a20040719d2004 km y0chiy0120 ea | |
| 101 | 1 | @achi@ceng |
| 102 | @aCN@b110000 | |
| 105 | @aa z 000yy | |
| 200 | 1 | @aSun Solaris 9系统及网络管理员认证指南@ASun Solaris 9 Xi Tong Ji Wang Luo Guan Li Yuan Ren Zheng Zhi Nan@d= Sun certified solaris 9.0 system and network administrator@f(美)沃特斯著(Paul A. Watters)@F(mei)wo te si zhu(Paul A.Watters)@g金甄平, 聂耿青, 王存新等译@Gjin zhen ping,nie geng qing,wang cun xin deng yi@zeng |
| 210 | @a北京@c电子工业出版社@d2004.03 | |
| 215 | @a575页@c图@d26cm@e光盘1片 | |
| 225 | 2 | @a专业认证考试丛书 |
| 306 | @a据美国麦格劳-希尔公司2003年英文版译出 由电子工业出版社和美国麦格劳-希尔教育(亚洲)出版公司合作出版 | |
| 307 | @a光盘 ISBN : 7-89496-346-1 | |
| 314 | @a责任者规范汉译姓: 沃特斯。 | |
| 330 | @a本书共三大部分,内容包括:Solaris 9的基本概念、用户管理、系统安全、文件系统、系统引导与初始化、磁盘配置与命名、设备管理等。 | |
| 410 | 0 | @12001 @a专业认证考试丛书 |
| 510 | 1 | @aSun certified solaris 9.0 system and network administrator@zeng |
| 606 | 0 | @a操作系统@x工程技术人员@x资格考核@x自学参考资料 |
| 690 | @aTP316.81@v4 | |
| 701 | 1 | @a沃特斯,@AWo Te Si,@bP. A.@g(Watters, Paul A.)@4著 |
| 701 | 0 | @a沃特斯著@Awo te si zhu@bPaulA.Watters |
| 702 | 0 | @a金甄平@Ajin zhen ping@4译 |
| 702 | 0 | @a王存新@Awang cun xin@4译 |
| 702 | 0 | @a聂耿青@Anie geng qing@4译 |
| 801 | 0 | @aCN@bQSSK@c20051114 |
| 905 | @a10447@dTP316.81@eW705 | |
| Sun Solaris 9系统及网络管理员认证指南= Sun certified solaris 9.0 system and network administrator/(美)沃特斯著(Paul A. Watters)/金甄平, 聂耿青, 王存新等译.-北京:电子工业出版社,2004.03 |
| 575页:图;26cm+光盘1片.-(专业认证考试丛书) |
| ISBN 7-5053-9686-2:CNY59.00 (含光盘) |
| 本书共三大部分,内容包括:Solaris 9的基本概念、用户管理、系统安全、文件系统、系统引导与初始化、磁盘配置与命名、设备管理等。 |
| ● |
| 相关链接 |
|
|
|
正题名:Sun Solaris 9系统及网络管理员认证指南
索取号:TP316.81/W705
 
预约/预借
| 序号 | 登录号 | 条形码 | 馆藏地/架位号 | 状态 | 备注 |
| 1 | 574946 | 205749467 | 自科二线400A/400A自科库 2排1列3层/ [索取号:TP316.81/W705] | 在馆 | |
| 2 | 574947 | 205749476 | 自科库301/301自科库 58排2列3层/ [索取号:TP316.81/W705] | 在馆 | |
| 3 | 574948 | 205749485 | 自科库301/301自科库 58排2列3层/ [索取号:TP316.81/W705] | 在馆 |